| 000 | 00390pab a2200157 454500 | ||
|---|---|---|---|
| 008 | 180718b2005 xxu||||| |||| 00| 0 eng d | ||
| 100 | _aGhosal, Ratan Kumar | ||
| 245 | _aGlobalization and inequality | ||
| 260 | _c2005 | ||
| 300 | _ap.71-86. | ||
| 362 | _aJul-Sep | ||
| 650 | _aIncome distribution | ||
| 650 | _aGlobalization | ||
| 773 | _aThe Indian Economic Journal | ||
| 909 | _a72411 | ||
| 999 |
_c72411 _d72411 |
||